Young Justice Outsiders CHARACTERS - Statistics

General Stats
  • This quiz has been taken 116 times
  • The average score is 27 of 40
Answer Stats
Hint Answer % Correct
Bruce Wayne Batman
98%
Dick Grayson Nightwing
98%
Clark Kent Superman
98%
Connor Kent Superboy
96%
Barry Allen The Flash
96%
Tim Drake Robin
93%
Artemis Crock Tigress
93%
Kal Dor Ahm Aquaman
91%
Garfield Logan Beast Boy
91%
Bart Allen Kidflash
91%
Diana Prince Wonder Woman
91%
Megan Morzz Miss Martian
88%
Barbara Gordon Oracle
87%
Victor Stone Cy-Borg
85%
Magician Zatanna
84%
Cassie Wonder Girl
80%
Tara Markov Terra
78%
Ex-Aquaman King Orin
75%
Jefferson Pierce Black Lightning
74%
Brion Markov Geo-Force
74%
Violet Harper Halo
74%
Talia's Father Ra's Al Ghul
74%
La'Gann Lagoon Boy
72%
Virgil Hawkins Static
72%
Wife of the Flash Iris West-Allen
65%
Fred Bugg Forager
62%
Gretchen Goode Granny Goodness
62%
Apokolips Ruler Darkseid
60%
Daughter of Above Cassandra Savage
54%
Gengis Khann Vandal Savage
54%
John Smith Red Tornado
51%
Carter H'ol Hawkman
49%
Wife of Orin Mera
48%
Kendra Saunders Hawkgirl
46%
Zatan Dr. Fate
42%
A.M.A.Z.O. Creator Anthony Ivo
39%
Father of Victor Stone Silas Stone
26%
Minion of Ruler Desaad
24%
Nia Null Dreamer
12%
Teleporter El Dorado
2%
No matching quizzes found
Score Distribution
Percent of People with Each Score
Percentile by Number Answered
Your Score History
You have not taken this quiz